000 01094cam a2200301 i 4500
001 12162
003 Mx-PuUPA
005 20240926133315.0
008 140415s1991 sp ao r 000 0 spa d
020 _a8476156081
040 _aMx-PuUPA
_bspa
_cMx-PuUPA
_dMx-PuUPA
_erda
041 1 _aspa
_heng
100 1 _aFenwick, Elizabeth,
_eautor
_98449
240 1 4 _aThe complete book of pregnancy and childbirth.
_lEspañol
245 1 0 _aEmbarazo y parto /
_cElizabeth Fenwick ; traducción, Cristina Sánchez Sáinz-Trápaga
250 _aPrimera edición
264 1 _aMadrid :
_bMcGraw-Hill Interamericana de España,
_c©1991
300 _a72 páginas :
_bilustraciones, fotografías ;
_c29 cm
336 _atexto
_2rdacontent
_btxt
337 _asin medio
_2rdamedia
_bn
338 _avolumen
_2rdacarrier
_bnc
650 7 _2armarc
_aObstetricia
700 1 _aSánchez Sáinz Trápaga, Cristina,
_etraductor
765 0 _aFenwick, Elizabeth.
_tThe complete book of pregnancy and childbirth.
942 _2ddc
_cLI
_h618
_iF33
999 _c12162
_d12162